00662cam a22002291 4500001001300000003000400013005001700017008004100034010002200075025001900097043001200116050001900128082001100147100002600158245009500184260004100279300003400320350001100354500001700365650003300382999001700415sa 68001086 DLC20260227112430.0710903s1967 ii d 00000 eng  asa 68001086 //r86 aPL480:I-E-8639 aa-ii---0 aHV6485.I52bJ3 a954/.310aPandey, Kanhaiya Lal.10aReport on the disturbances which took place at Jagdalpur on the 25th and 26th March, 1966.0 aBhopal,bGovt. Central Press,c1967. a156 p.bfold. charts.c25 cm. aRs2.50 aCover title. 0aRiotszIndiazJagadalāpur. c77687d77687